Лукий, или Осел: Греческая любовная проза II в.

Dades bibliogràfiques
Idioma:rus
Publicat: Москва, Знание, 1992
Matèries:
Format: MixedMaterials Llibre
KOHA link:https://koha.lib.tpu.ru/cgi-bin/koha/opac-detail.pl?biblionumber=116611

MARC

LEADER 00000nam0a2200000 4500
001 116611
005 20231031123254.0
010 |a 507002227X 
035 |a (RuTPU)RU\TPU\book\126200 
090 |a 116611 
100 |a 20070524d1992 m y0rusy50 ca 
101 1 |a rus  |c gre 
102 |a RU 
105 |a a z 000ay 
200 1 |a Лукий, или Осел  |e Греческая любовная проза II в. 
210 |a Москва  |c Знание  |d 1992 
215 |a 64 с.  |c ил. 
610 1 |a греческая литература 
610 1 |a проза 
610 1 |a 2 век 
675 |a 87.5  |v 3 
801 1 |a RU  |b 63413507  |c 20070524  |g PSBO 
942 |c BK